000 00855nam a2200205Ii 4500
003 JO-AjNU
008 230605s9999||||xx |||||||||||||| ||und||
040 _aJO-AjNU
_bara
_erda
_cJO-AjNU
041 _aara
050 1 4 _aBP144.A356 1996
100 3 _aداود، أحمد محمد علي,
_eauthor
_946658
245 0 0 _aالحقوق المتعلقة بالتركة بين الفقه والقانون: التجهيز والديون والوصايا والمواريث وتقسيماتها
250 _aط2
264 3 1 _aعمان: مكتبة دار الثقافة للنشر والتوزيع، 1996
300 _a682ص
336 _atext
_btxt
_2rdacontent
337 _aunmediated
_bn
_2rdamedia
338 _avolume
_bnc
_2rdacarrier
650 4 _aالمواريث- فقه اسلامي- قوانين وتشريعات- قانون التركات
_946659
999 _aA20315
_c23883
_d23883